000 00217 a2200097 4500
001 49430
100 _aTolstoy
245 _aToles of Army Life
260 _aLondon
_bOxford University Press
_c
090 _c31966
_d31966
942 _aNUST-CAE
_cM
_c24409
999 _c284503
_d284503